| 000 | 00453nam a2200193Ia 4500 | ||
|---|---|---|---|
| 008 | 151121s9999||||xx |||||||||||||| ||und|| | ||
| 082 | _a294ред509/ DON | ||
| 082 | _bHNW-78816 | ||
| 100 | _aDoniger & Smith | ||
| 245 | 4 | _aThe Laws of Manu | |
| 260 | _bPenguin Book | ||
| 260 | _c-- | ||
| 300 | _a362 | ||
| 600 | _aDoniger & Smith | ||
| 630 | _aThe Laws of Manu | ||
| 700 | _aDoniger & Smith | ||
| 730 | _aThe Laws of Manu | ||
| 942 | _cBOOK | ||
| 999 |
_c1260218 _d1260215 |
||